000 00736nam a22002177a 4500
005 20251212120946.0
008 251212b |||||||| |||| 00| 0 eng d
040 _cAL
041 _aEnglish
082 _a519.5
_bGOVS
100 _aGovernment of Karnataka
_9248974
245 _aText book of statistics
260 _aBengaluru
_bDepartment of Pre University Education
_c2025
300 _axviii,399 p.
_bPB
_c24x17.5cm
365 _a5130
_b₹195.00
_c
_d₹205.00
_e5%
_f11-12-2025
520 _aPrescribed textbook of statistics : for first year puc 2024-25 (Government of Karnataka)
650 _aMathematical Statistics
_9248947
650 _a a text book for I puc
_9248973
650 _a2024-2025
_9248953
942 _2ddc
_cBK
999 _c240723
_d240723